Chicka chicka boom boom / (Record no. 4898)

MARC details
000 -LEADER
fixed length control field 00959nam a22003017a 4500
001 - CONTROL NUMBER
control field 4898
003 - CONTROL NUMBER IDENTIFIER
control field FISKH
005 - DATE AND TIME OF LATEST TRANSACTION
control field 20250828152021.0
008 - FIXED-LENGTH DATA ELEMENTS--GENERAL INFORMATION
fixed length control field 241023b cb ||||| |||| 00| 0 eng d
020 ## - INTERNATIONAL STANDARD BOOK NUMBER
International Standard Book Number 9780590438896
040 ## - CATALOGING SOURCE
Original cataloging agency FISKH
Language of cataloging eng
Transcribing agency FISKH
Modifying agency FISKH
050 ## - LIBRARY OF CONGRESS CALL NUMBER
Classification number PZ8.M418
082 ## - DEWEY DECIMAL CLASSIFICATION NUMBER
Classification number 421.1
100 ## - MAIN ENTRY--PERSONAL NAME
Personal name Martin, Jr. Bill
Dates associated with a name (1916–2004)
245 ## - TITLE STATEMENT
Title Chicka chicka boom boom /
Statement of responsibility, etc. by Bill Martin, Jr. and John Archambault Illustrated by Lois Ehlert
250 ## - EDITION STATEMENT
Edition statement First printing in 1991.
260 ## - PUBLICATION, DISTRIBUTION, ETC.
Place of publication, distribution, etc. New York :
Name of publisher, distributor, etc. Scholastic,
Date of publication, distribution, etc. 1989.
300 ## - PHYSICAL DESCRIPTION
Extent 32 pages :
Other physical details color illustrations ;
Dimensions 28 cm
505 ## - FORMATTED CONTENTS NOTE
Formatted contents note N<br/>
520 ## - SUMMARY, ETC.
Summary, etc. An alphabet rhyme/chant that relates what happens when the whole alphabet tries to climb a coconut tree.
521 8# - TARGET AUDIENCE NOTE
Target audience note 530<br/><br/>
Source Lexile<br/>
521 8# - TARGET AUDIENCE NOTE
Target audience note N<br/>
Source Raz-Plus<br/>
650 ## - SUBJECT ADDED ENTRY--TOPICAL TERM
Source of heading or term Alphabet
Topical term or geographic name entry element Repetition
650 ## - SUBJECT ADDED ENTRY--TOPICAL TERM
Source of heading or term Rhyming
Topical term or geographic name entry element Letters
700 ## - ADDED ENTRY--PERSONAL NAME
Personal name Ehlert, Lois
Dates associated with a name Illustrator
942 ## - ADDED ENTRY ELEMENTS (KOHA)
Source of classification or shelving scheme Dewey Decimal Classification
Koha item type Books
Suppress in OPAC No
Holdings
Withdrawn status Lost status Source of classification or shelving scheme Damaged status Not for loan Collection Home library Current library Shelving location Date acquired Total Checkouts Full call number Barcode Date last seen Date last checked out Copy number Price effective from Koha item type
    Dewey Decimal Classification     Juvenile Fiction Footprints International School Library Network Toul Kork Campus Footprints International School Library Network Toul Kork Campus TK Primary Library Room(4th Floor), Bookcase 3&4, Shelves 17-32, Yellow Books 10/23/2024 1 MAR 421.1 PZ8.M418 2024-2204 03/13/2025 12/20/2024 1 10/23/2024 Books
    Dewey Decimal Classification     Juvenile Fiction Footprints International School Library Network Toul Kork Campus Footprints International School Library Network Toul Kork Campus TK Primary Library Room(4th Floor), Bookcase 3&4, Shelves 17-32, Yellow Books 03/24/2025   MAR 421.1 PZ8.M418 FISTK01956 03/24/2025   2 03/24/2025 Books
    Dewey Decimal Classification     Juvenile Fiction Footprints International School Library Network Toul Tom Poung Campus Footprints International School Library Network Toul Tom Poung Campus TTP Primary Yellow Bookshelves 03/24/2025   MAR 421.1 PZ8.M418 FISBK057075 08/28/2025   3 08/28/2025 Books